Sco Angers - Tous les joueurs de 2010 à 2025 - Statistiques

Statistiques générales
  • Ce quiz a été pris 68 fois
  • Le résultat moyen est 47 sur 187
Statistiques - réponses
Saisons Nationalité Joueur Nombre
De Matchs
Poste % Correct
2015 - France PierrickCapelle 306 M
88%
2022 - Algérie HamidAbdelli 106 M
86%
2015 - 2022 CoteD'Ivoire IsmaelTraoré 228 D
86%
2014 - 2015 Mali KalifaTraoré 12 D
86%
2013 - 2022 France RomainThomas 321 D
81%
2014 - 20162017 - 2021 France LudovicButelle 141 G
77%
2016 - CoteD'Ivoire AbdoulayeBamba 183 D
72%
2014 - 2016 Guinée AbdoulRazzagui Camara 47 A
72%
2016 - 2017 CoteD'Ivoire JonathanBamba 19 A
72%
2023 - France JordanLefort 76 D
72%
2014 - 20152016 - 2017 CoteD'Ivoire NicolasPépé 49 A
72%
2022 - Mali OusmaneCamara 21 D
72%
2012 - 20152020 - 2023 Maroc SofianeBoufal 113 M/A
72%
2014 - 2022 France ThomasMangani 257 M
70%
2023 - 2025 France EstébanLepaul 50 A
67%
2008 - 2022 France VincentManceau 388 D
67%
2017 - 2019 France JeffReine - Adelaide 47 M
65%
2022 - 2025 CoteD'Ivoire YahiaFofana 77 G
63%
2023 - France FlorentHanin 65 D
60%
2016 - 2018 Cameroun KarlToko Ekambi 72 A
60%
2012 - 2018 France AlexandreLetellier 63 G
58%
2015 - 20172018 - 2019 Sénégal CheikhN'Doye 100 M
58%
2024 - Algérie HarisBelkebla 24 M
58%
2024 - France ProsperPeter 2 A
58%
2023 - France SidikiChérif 16 A
58%
2024 - Haiti CarlensArcus 30 D
56%
2016 - 2020 France BaptisteSantamaria 149 M
53%
2022 - France LilianRaolisoa 80 D
53%
2018 - 2025 Algérie FaridEl Melali 140 A
51%
2020 - 2023 France PaulBernardoni 82 G
51%
2021 - 2023 Maroc AzzedineOunahi 48 M
49%
2016 - 2019 France FlavienTait 87 M
49%
2020 - 20212022 - 2025 France LoisDiony 87 A
49%
2015 - 2018 Laos BillyKetkeophomphone 59 A
47%
2022 - 2025 Sénégal IbrahimaNiane 76 A
47%
2024 - Gabon JacquesEkomié 21 D
47%
2017 - 2022 Nouvelle - Calédonie AngeloFulgini 160 M
44%
2022 - 2024 France Jean - MatthéoBahoya 32 A
44%
2024 - Gabon JimAllevinah 31 A
44%
2016 - 2021 Croatie MateoPavlovic 109 D
44%
2019 - 2022 Portugal MathiasPereira Lage 82 A
44%
2023 - Congo MelvinZinga 13 G
44%
2018 - 2022 Cameroun StéphaneBahoken 120 A
44%
2024 - 2025 Sénégal BambaDieng 20 A
42%
2024 - France MariusCourcoul 10 M
40%
2023 - Maroc YassinBelkhdim 43 M
40%
2019 - 20202021 - 2022 Tchad CasimirNinga 35 A
37%
2019 - 2022 Monténégro DanijelPetkovic 21 G
37%
2022 - 2025 France AdrienHunou 64 A
35%
2024 - 2025 CoteD'Ivoire Jean - EudesAholou 29 M
35%
2024 - France LanroyMachine 2 A
35%
2020 - 2022 France Mohamed - AliCho 55 A
35%
2021 - 2023 Algérie NabilBentaleb 51 M
35%
2017 - 2018 CoteD'Ivoire ThomasTouré 9 A
35%
2015 - 2019 France YoannAndreu 74 D
35%
2022 - 2025 Bénin CédricHountondji 75 D
33%
2019 - 2023 Sénégal SadaThioub 88 A
33%
2023 - 2025 Algérie ZinédineFerhat 55 A
33%
2022 - 2023 Sénégal AbdallahSima 37 A
30%
2008 - 2016 France CharlesDiers 269 M
30%
2018 - 2019 Espagne CristianLopez 20 A
30%
2022 - 2024 Bosnie HalidSabanovic 19 D
30%
2019 - 2023 CoteD'Ivoire SouleymanDoumbia 87 D
30%
2019 - 2025 Algérie ZinédineOuld Khaled 46 M
30%
2024 - France EmmanuelBiumla 18 D
28%
2016 - 2017 Sénégal FamaraDiédhiou 36 A
28%
2009 - 20132015 - 2017 Congo FéréboryDoré 145 A
28%
2012 - 2014 Guinée IbrahimaDiallo 35 D
28%
2017 - 20182020 - 2021 Mali LassanaCoulibaly 53 M
28%
2018 - 2020 Algérie RayanAit - Nouri 23 D
28%
2015 - 2017 Maroc RomainSaiss 37 D
28%
2017 - 2018 Sénégal SaliouCiss 6 D
28%
2022 - 2024 Tunisie YanValery 68 D
28%
2017 - 2018 France EnzoCrivelli 17 A
26%
2010 - 2014 France GrégoryMalicki 146 G
26%
2017 - 20182021 - 2022 Algérie AnthonyMandréa 11 G
23%
2011 - 2016 Congo ArnoldBouka Moutou 106 D
23%
2021 - 2023 France BatistaMendy 76 M
23%
2010 - 2016 Argentine DiegoGomez 98 M
23%
2020 - 2022 France JimmyCabot 47 M
23%
2022 - France JustinKalumba 25 A
23%
2016 - 2018 France MathieuMichel 34 G
23%
2022 - 2023 Bosnie MihaBlazic 26 D
23%
2007 - 2016 France OlivierAuriac 277 M
23%
2015 - 2016 France SlimaneSissoko 13 A
23%
2009 - 2013 Roumanie ClaudiuKeseru 127 A
21%
2019 - 2021 Maroc RachidAlioui 32 A
21%
2015 - 2017 Slovénie DenisPetric 13 G
19%
2009 - 2012 France GaetanCharbonnier 107 A
19%
2015 - 2018 Togo GillesSunu 85 A
19%
2018 - 2019 RépubliqueDémocratique Du Congo HarrisonManzala 9 A
19%
2019 - 2020 France IbrahimCissé 2 D
19%
2013 - 20142015 - 2016 Guinée MohamedYattara 55 A
19%
2015 - 2016 Algéria SaidBenrahma 13 A
19%
2016 - 2017 RépubliqueDémocratique Du Congo YoaneWissa 2 A
19%
2022 - 2023 France AmineSalama 28 A
16%
2019 - 2023 France AntoninBobichon 50 M
16%
2017 - 2018 Belgique BaptisteGuillaume 19 A
16%
2013 - 2016 France GaelAngoula 80 D
16%
2014 - 2016 Cameroun GuyN'Gosso 18 M
16%
2016 - 2017 Sénégal IssaCissokho 15 D
16%
2012 - 2015 Brésil JonasPessalli 37 A
16%
2014 - 2015 CoteD'Ivoire JonathanKodjia 29 A
16%
2014 - 2015 France LudovicAjorque 1 A
16%
2014 - 2015 France SachaClémence 30 A
16%
2021 - 2022 Algérie BillalBrahimi 9 A
14%
2020 - 20212022 - 2023 France IbrahimAmadou 36 M
14%
2013 - 2015 France JérémyBlayac 51 A
14%
2023 - 2024 Sénégal JosephLopy 25 M
14%
2013 - 2014 Mali DjibrilKonaté 37 D
12%
2020 - 2022 Cameroun EnzoEbosse 34 D
12%
2015 - 2016 Suisse GoranKaranovic 13 A
12%
2015 - 2017 France GrégoryBourillon 15 D
12%
2013 - 2015 Mali IsmaelKeita 55 M
12%
2016 - 2017 France KévinBérigaud 17 A
12%
2012 - 2015 Tunisie KhaledAyari 63 A
12%
2021 - 2023 Croatie MarinJakolis 11 A
12%
2020 - 2023 France NoahFatar 9 A
12%
2017 - 2018 Congo PrinceOniangué 15 M
12%
2011 - 2015 Maroc RayanFrikeche 112 D
12%
2018 - 2020 France VincentPajot 20 M
12%
2017 - 2020 CoteD'Ivoire WilfriedKanga 36 A
12%
2017 - 2018 Algérie YoucefBelaili 1 A
12%
2012 - 2014 Maroc AlharbiEl Jadeyaoui 48 A
9%
2018 - 2019 Sénégal DjibrilDiaw 1 D
9%
2024 - 2025 France EnzoCaumont 2 M
9%
2016 - 2017 Tunisie JamelSaihi 7 M
9%
2014 - 2015 Haiti Jean - JacquesPierre 15 D
9%
2011 - 20132015 - 2016 Cameroun Jean - PierreNsame 28 A
9%
2003 - 2012 Algérie KarimDjellabi 278 D
9%
2007 - 2013 Sénégal MatarFall 190 D
9%
2013 - 2015 Tunisie Mohamed SlimBen Othman 17 A
9%
2013 - 2014 Sénégal Pape MacouSarr 1 A
9%
2018 - 2020 France ThéoPellenard 17 D
9%
2020 - 2023 France WanissTaibi 22 M
9%
2018 - 2019 France ZacharieBoucher 3 G
9%
2014 - 2015 France AxelNgando 19 M
7%
2016 - 2017 Nigéria DicksonNwakaeme 9 A
7%
2018 - 2019 Madagascar DorianBertrand 1 A
7%
2005 - 2011 France EmmanuelBourgaud 72 M
7%
2022 - 2023 Algérie IlyesChetti 6 D
7%
2017 - 2018 France LoicPuyo 11 M
7%
2008 - 2013 France MalikCouturier 163 D
7%
2016 - 2017 Algérie MehdiTahrat 18 D
7%
2013 - 2015 France YohanEudeline 33 A
7%
2015 - 2016 Tunisie AissaLaidouni 1 M
5%
2012 - 2014 Madagascar FabienBoyer 37 D
5%
2022 - 2023 Algérie FaouziGhoulam 8 D
5%
2010 - 2011 Sénégal HenriSaivet 20 M
5%
2010 - 2014 France JérémyHénin 103 D
5%
2020 - 2021 Togo KévinBoma 1 D
5%
2013 - 2014 France LudovicGamboa 36 M
5%
2015 - 2016 France MathiasSerin 3 M
5%
2010 - 2012 France NicolasFlorentin 13 A
5%
2010 - 2012 France NicolasGillet 34 D
5%
2016 - 2017 France PabloMartinez 13 D
5%
2012 - 2014 Guadeloupe RichardSocrier 52 A
5%
2024 - France AmineMoussaoui 1 M
2%
2009 - 2012 France AnthonyOuasfane 12 D
2%
2014 - 2015 France BelgacemLouhichi 1 D
2%
2011 - 20122013 - 2014 France BilelEl Hamzaoui 6 D
2%
2010 - 2012 France DavidDe Freitas 70 M
2%
2007 - 2011 France DavidLeray 81 D
2%
2012 - 2013 France DerekDecamps 6 D
2%
2014 - 2015 France GabrielMutombo 1 D
2%
2021 - 2024 France GuédéNadje 2 A
2%
2011 - 2012 France HamadyTamboura 7 A
2%
2012 - 2013 Maroc HamzaHafidi 1 M
2%
2021 - 2023 France JasonMbock 3 A
2%
2010 - 2012 France JéromeHiaumet 20 G
2%
2018 - 2019 Congo KevinMouanga 1 D
2%
2014 - 2015 France LoicGuillon 16 D
2%
2010 - 2011 France LorisArnaud 26 A
2%
2011 - 2012 France LudovicDelporte 13 A
2%
2011 - 2013 CoteD'Ivoire MarcoZoro 35 D
2%
2010 - 2013 France MaximeRousseau 26 M
2%
2006 - 2011 France MickaelStéphan 168 M
2%
2011 - 2012 France NabilOuargini 6 A
2%
2011 - 2013 France Pierre - EtienneLemaire 12 D
2%
2010 - 2011 France Pierre - HenriLamy 3 D
2%
2011 - 2012 Guinée RichardSoumah 16 D
2%
2009 - 2011 France SébastienRenouard 45 M
2%
2009 - 2012 France StevieRiga 20 D
2%
2011 - 2013 France YannisDogo 2 A
2%
2020 - 2021 Haiti YassinFortuné 1 A
2%
2012 - 2013 France YoricRavet 31 A
2%
2010 - 2012 France YvesDeroff 40 D
2%
Aucun quiz correspondant
Distribution des résultats
% des personnes avec chaque résultat
Percentile par nombre de réponses
Votre historique - résultats
Vous n’avez pas pris ce quiz